000 00707nam a2200289Ia 4500
005 20260324144534.0
008 008 260324s9999 xx 000 0 eng d
020 _a9780203782095
037 _aEBOOK
040 _aCRL
040 _beng
040 _cCRL
041 _2eng
041 _aeng
084 _qCRL
100 _aHerbert Weiner,; Andrew S. Baum,
_91219697
245 0 _aPerspectives in Behavioral Medicine
245 0 _bEating Regulation and Discontrol
260 _bTaylor and Francis
260 _c1987
365 _a
365 _b59.99
856 _uhttp://www.taylorfrancis.com/books/9780203782095
942 _cEBOOK
999 _c1826434
_d1826434